[Event "KP MKSS 23/24, BSS-Havirov"]
[Site ""]
[Date "2024.04.14"]
[Round "11.8"]
[White "Vizner, Jaroslav"]
[Black "Horkova, Tereza"]
[Result "1/2-1/2"]
[WhiteFideId "346756"]
[BlackFideId "23712678"]
[WhiteElo "1872"]
[BlackElo "1845"]
[PlyCount "0"]
[WhiteTeam "TJ Banik Havirov"]
[BlackTeam "BSS Frydek-Mistek D"]
[EventDate "2023.10.22"]

1. e4 c5 2. Nf3 e6 3. d4 cxd4 4. c3 dxc3 5. Nxc3 d6 6. Bc4 Be7 7. Be3 Nc6 8.
Rc1 Nf6 9. h3 O-O 10. Bb3 b6 11. O-O Bb7 12. Bc2 Rc8 13. a3 Qc7 14. Kh1 Rfd8
15. Qe2 Qb8 16. Nd2 d5 17. exd5 Nxd5 18. Nxd5 Rxd5 19. Nb3 Ne5 20. Nd4 Nc4 21.
Bxh7+ Kxh7 22. Rxc4 Ba6 23. Qc2+ g6 24. Rxc8 Bxc8 25. Rc1 Rc5 26. Qd2 Qc7 27.
Nb3 Rxc1+ 28. Nxc1 Bb7 29. Nd3 Qc6 30. f3 Qd5 31. Ne1 Qb5 32. Kh2 Ba6 33. Bf2
Bg5 34. f4 Bh6 35. Bg3 e5 36. Qf2 e4 37. b4 Bg7 38. Qc2 Qc4 39. Qa4 e3 40. Qd7
Bc3 41. f5 Bxe1 42. fxg6+ Kxg6 43. Bxe1 e2 44. Qxa7 Qf4+ 45. g3 Qc1 46. Qxb6+
f6 47. Qf2 Qxa3 48. g4 Qd3 49. h4 Qd6+ 50. Qg3 Qc6 51. h5+ Kf7 52. Qf2 Kg7 53.
Qf5 Qd6+ 54. Kh3 Qd3+ 55. Qxd3 Bxd3 56. Kg3 Kf7 57. Kf4 Bb5 58. Bc3 Bc4 59.
Ke4 Be6 60. Kf4 Bc4 1/2-1/2

[Event "KP MKSS 23/24, Orlova-Stonava"]
[Site ""]
[Date "2024.04.14"]
[Round "11.2"]
[White "Kubica, Kamil"]
[Black "Mrazek, Roman"]
[Result "1/2-1/2"]
[WhiteFideId "1146360"]
[BlackFideId "23707062"]
[WhiteElo "2107"]
[BlackElo "1956"]
[PlyCount "0"]
[WhiteTeam "SK Stonava"]
[BlackTeam "SK Slavia Orlova C"]
[EventDate "2023.10.22"]

1. d4 d5 2. c4 c6 3. Nc3 Nf6 4. cxd5 cxd5 5. f3 Qb6 6. e4 dxe4 7. fxe4 e5 8.
Bb5+ Nc6 9. d5 Bb4 10. Qe2 a6 11. Ba4 Qa5 12. Bd2 O-O 13. Bd1 Nd4 14. Qd3 Bd7
15. Nf3 Bb5 16. Nxb5 Bxd2+ 17. Nxd2 Nxb5 18. O-O Nd6 19. Bb3 Rac8 20. Kh1 Rfe8
21. Rae1 Kh8 22. Nc4 Nxc4 23. Bxc4 Qb6 24. Bb3 Re7 25. h3 Ne8 26. Rc1 Rec7
1/2-1/2

[Event "KP MKSS 23/24, Orlova-Stonava"]
[Site ""]
[Date "2024.04.14"]
[Round "11.3"]
[White "Sikora, Matous"]
[Black "Taus, Martin"]
[Result "1/2-1/2"]
[WhiteFideId "366714"]
[BlackFideId "308471"]
[WhiteElo "2063"]
[BlackElo "1989"]
[PlyCount "0"]
[WhiteTeam "SK Slavia Orlova C"]
[BlackTeam "SK Stonava"]
[EventDate "2023.10.22"]

1. e4 e5 2. Nf3 Nc6 3. Bc4 Nf6 4. d3 Bc5 5. c3 d6 6. a4 a6 7. O-O h6 8. Nbd2
O-O 9. Re1 Be6 10. b4 Ba7 11. Qb3 d5 12. exd5 Nxd5 13. Ne4 b5 14. Bxd5 Qxd5 15.
Qxd5 Bxd5 16. Be3 Bxe3 17. fxe3 Bxe4 18. dxe4 Rad8 19. axb5 axb5 20. Red1 f6
21. Kf2 Kf7 22. Rd5 Rxd5 23. exd5 Ne7 24. e4 Nc8 25. Ke3 Nd6 26. Ra7 Rc8 27.
Kd3 g5 28. Nd2 Kg6 29. c4 bxc4+ 30. Nxc4 Nb5 31. Ra6 Kf7 32. Ne3 Nd6 33. Nf5
Nxf5 34. exf5 Re8 35. Kc4 e4 36. Re6 Ra8 37. Rxe4 Ra2 38. g4 Rxh2 39. Kc5 h5
40. gxh5 Rxh5 41. d6 cxd6+ 42. Kxd6 Rh4 43. Re7+ Kf8 44. Re6 Kf7 45. Re7+ Kf8
46. Re6 1/2-1/2

[Event "KP MKSS 23/24, Orlova-Stonava"]
[Site ""]
[Date "2024.04.14"]
[Round "11.4"]
[White "Bednarz, Valdemar"]
[Black "Horvath, Tomas"]
[Result "1/2-1/2"]
[WhiteFideId "320927"]
[BlackFideId "358630"]
[WhiteElo "1960"]
[BlackElo "2063"]
[PlyCount "0"]
[WhiteTeam "SK Stonava"]
[BlackTeam "SK Slavia Orlova C"]
[EventDate "2023.10.22"]

1. Nf3 Nf6 2. d3 d5 3. Nbd2 g6 4. e4 dxe4 5. dxe4 Bg7 6. Bc4 O-O 7. O-O c5 8.
Re1 Nc6 9. c3 Na5 10. Bf1 Qc7 11. b4 cxb4 12. cxb4 Ng4 13. Rb1 Nc6 14. h3 Nge5
15. b5 Na5 16. Nxe5 Bxe5 17. Bb2 Be6 18. Bxe5 Qxe5 19. Qa4 b6 20. Nf3 1/2-1/2

[Event "KP MKSS 23/24, Orlova-Stonava"]
[Site ""]
[Date "2024.04.14"]
[Round "11.5"]
[White "Sebesta, Jan"]
[Black "Gajdusek, Josef"]
[Result "1/2-1/2"]
[WhiteFideId "372013"]
[BlackFideId "374946"]
[WhiteElo "1932"]
[BlackElo "1975"]
[PlyCount "0"]
[WhiteTeam "SK Slavia Orlova C"]
[BlackTeam "SK Stonava"]
[EventDate "2023.10.22"]

1. e4 c5 2. c3 d5 3. exd5 Qxd5 4. d4 Nf6 5. Nf3 e6 6. Be2 cxd4 7. Qxd4 Bc5 8.
Qxd5 Nxd5 9. O-O O-O 10. Nbd2 Nc6 11. Nb3 Be7 12. Nfd4 Nxd4 13. Nxd4 e5 14. Nb3
a5 15. Bf3 Nb6 16. Re1 f6 17. Nd2 a4 18. Nf1 Kh8 19. Ne3 f5 20. Nd5 Nxd5 21.
Bxd5 Bf6 22. Be3 Ra5 23. Bc4 Bd7 24. Rad1 Bc6 25. Bb6 Raa8 26. Bd5 Rac8 27. Rd2
Bxd5 28. Rxd5 a3 29. Bc5 Rfd8 30. Rxd8+ Rxd8 31. Bxa3 Rd2 32. g3 g5 33. Kg2 g4
34. Re3 e4 35. Re1 1/2-1/2

[Event "KP MKSS 23/24, Orlova-Stonava"]
[Site ""]
[Date "2024.04.14"]
[Round "11.6"]
[White "Firla, Stanislav"]
[Black "Kopta, Jiri"]
[Result "1/2-1/2"]
[WhiteFideId "341371"]
[BlackFideId "328910"]
[WhiteElo "1912"]
[BlackElo "1924"]
[PlyCount "0"]
[WhiteTeam "SK Stonava"]
[BlackTeam "SK Slavia Orlova C"]
[EventDate "2023.10.22"]

1. e4 c5 2. Nf3 g6 3. Bc4 Bg7 4. c3 d5 5. exd5 Nf6 6. d4 cxd4 7. Qxd4 O-O 8.
Qd1 Nbd7 9. Bb3 b5 10. a4 Qa5 11. O-O Nb6 12. d6 e6 13. Be3 Bb7 14. Nbd2 bxa4
15. Bxa4 Qh5 16. Ng5 Rfd8 17. Qxh5 Nxh5 18. Nge4 Nxa4 19. Rxa4 Bc6 20. Rxa7
Rxa7 21. Bxa7 f5 22. Nc5 Rxd6 23. Nc4 Rd5 24. Nxe6 Bb5 25. Nxg7 Nxg7 26. Ne3
Rd2 27. c4 Bc6 28. b4 f4 29. Ng4 Ne6 30. b5 Bb7 31. Rc1 h5 32. Ne5 g5 33. c5
Bc8 34. c6 Rd5 35. b6 Nd8 36. Re1 Rd6 37. Rc1 Rd5 38. Bb8 Rb5 39. Bc7 Ne6 40.
Nc4 Nxc7 41. bxc7 Rc5 42. h3 Rxc6 1/2-1/2

[Event "KP MKSS 23/24, Orlova-Stonava"]
[Site ""]
[Date "2024.04.14"]
[Round "11.7"]
[White "Sramek, Ondrej"]
[Black "Knopp, Rene"]
[Result "1-0"]
[WhiteFideId "358673"]
[BlackFideId "375004"]
[WhiteElo "1942"]
[BlackElo "1885"]
[PlyCount "0"]
[WhiteTeam "SK Slavia Orlova C"]
[BlackTeam "SK Stonava"]
[EventDate "2023.10.22"]

1. e4 b6 2. d4 Bb7 3. Bd3 e6 4. Qe2 Nf6 5. Nf3 Be7 6. O-O O-O 7. c4 d5 8. exd5
exd5 9. Nc3 Re8 10. cxd5 Bb4 11. Qc2 Bxc3 12. bxc3 Qxd5 13. Bb2 Nbd7 14. c4 Qh5
15. d5 c6 16. dxc6 Bxc6 17. Nd4 Bb7 18. Nf5 Re6 19. Rad1 Nc5 20. Ng3 Qh4 21.
Bf5 Re7 22. Rd4 Qh6 23. Bc1 g5 24. h4 Qg7 25. hxg5 Nh5 26. Nxh5 Qxd4 27. Bb2
Qh4 28. Qc3 f6 29. Qxf6 Qxh5 30. Qh8+ Kf7 31. Qg7+ Ke8 32. Qg8# 1-0

[Event "KP MKSS 23/24, Orlova-Stonava"]
[Site ""]
[Date "2024.04.14"]
[Round "11.8"]
[White "Krampol, Vladimir"]
[Black "Sramek, Tomas"]
[Result "1/2-1/2"]
[WhiteFideId "344311"]
[BlackFideId "368369"]
[WhiteElo "1796"]
[BlackElo "1908"]
[PlyCount "0"]
[WhiteTeam "SK Stonava"]
[BlackTeam "SK Slavia Orlova C"]
[EventDate "2023.10.22"]

1. c4 c5 2. Nc3 Nc6 3. g3 g6 4. Bg2 Bg7 5. Nf3 e6 6. e4 d6 7. O-O Nge7 8. d3
O-O 9. Be3 Nd4 10. Bxd4 cxd4 11. Ne2 e5 12. b4 a5 13. a3 Bd7 14. Nd2 Qc7 15.
Qc2 Bh6 16. f4 f5 17. Rfc1 Rac8 18. c5 Be6 19. Nc4 Bxc4 1/2-1/2

[Event "KP MKSS 23/24, Senov-Koprivnice"]
[Site ""]
[Date "2024.04.14"]
[Round "11.1"]
[White "Nedela, Vlastimil"]
[Black "Stefanik, Marek"]
[Result "1-0"]
[WhiteFideId "303259"]
[BlackFideId "385190"]
[WhiteElo "2294"]
[BlackElo "2088"]
[PlyCount "0"]
[WhiteTeam "SK Senov"]
[BlackTeam "SK ASK Koprivnice"]
[EventDate "2023.10.22"]

1. Nf3 d5 2. g3 c5 3. Bg2 Nc6 4. d4 Bg4 5. Ne5 Bf5 6.
Nxc6 bxc6 7. c4 e6 8. Nc3 cxd4 9. Qxd4 Qf6 10. Qd1 Bc5 11. O-O Rd8 12. Qa4 Ne7
13. cxd5 exd5 14. e4 Bd7 15. Qc2 d4 16. Nd5 cxd5 17. Qxc5 O-O 18. exd5 Bg4 19.
Re1 Nxd5 20. Bxd5 Qf5 21. Re5 Qd3 22. Qc4 Qd1+ 23. Qf1 Qc2 24. Bb3 Qc7 25. Bf4
d3 26. Rd5 Qe7 27. Bg5 1-0

[Event "KP MKSS 23/24, Senov-Koprivnice"]
[Site ""]
[Date "2024.04.14"]
[Round "11.2"]
[White "Vermirovsky, Vlastimil"]
[Black "Mrva, Marek"]
[Result "1/2-1/2"]
[WhiteFideId "325872"]
[BlackFideId "316288"]
[WhiteElo "2033"]
[BlackElo "2071"]
[PlyCount "0"]
[WhiteTeam "SK ASK Koprivnice"]
[BlackTeam "SK Senov"]
[EventDate "2023.10.22"]

1. e4 c5 2. Nf3 Nc6 3. d4 cxd4 4. Nxd4 g6 5. Nc3 Bg7 6. Be3 Nf6 7. Bc4
Na5 8. Bb3 Nxb3 9. axb3 d6 10. f3 O-O 11. Qd2 Bd7 12. h4 h5 13. Bg5 Qb6 14.
O-O-O Rfc8 15. Bxf6 Bxf6 16. Nd5 Qxd4 17. Qxd4 Bxd4 18. Rxd4 Kf8 19. Kd2 Rc6
20. Ra1 1/2-1/2

[Event "KP MKSS 23/24, Senov-Koprivnice"]
[Site ""]
[Date "2024.04.14"]
[Round "11.3"]
[White "Pacl, Vaclav"]
[Black "Omamik, Pavel"]
[Result "1/2-1/2"]
[WhiteFideId "302031"]
[BlackFideId "331074"]
[WhiteElo "1994"]
[BlackElo "2047"]
[PlyCount "0"]
[WhiteTeam "SK Senov"]
[BlackTeam "SK ASK Koprivnice"]
[EventDate "2023.10.22"]

1. Nf3 g6 2. d4 Bg7 3. e4 c6 4. Bd3 d5 5. exd5 cxd5 6. h3 Nc6 7. c3 Bf5
8. Be2 h5 9. Bf4 Nh6 10. O-O Qd7 11. Re1 f6 12. c4 O-O 13. Nc3 e6 14. Bxh6 Bxh6
15. Nh4 dxc4 16. Nxf5 exf5 17. Bxc4+ Kh7 18. Bd5 Rad8 19. Qa4 Bd2 20. Red1 Bxc3
21. Bxc6 bxc6 22. bxc3 f4 23. Rd3 Rfe8 24. Rb1 Re7 25. Qc4 Qe8 26. Rbd1 Re1+
27. Rxe1 Qxe1+ 28. Kh2 Qe8 29. d5 cxd5 30. Qc7+ Rd7 31. Qxf4 Qe5 32. Qxe5
1/2-1/2

[Event "KP MKSS 23/24, Senov-Koprivnice"]
[Site ""]
[Date "2024.04.14"]
[Round "11.4"]
[White "Slavinsky, Rostislav"]
[Black "Kolar, Stanislav"]
[Result "1-0"]
[WhiteFideId "306959"]
[BlackFideId "310964"]
[WhiteElo "1942"]
[BlackElo "1942"]
[PlyCount "0"]
[WhiteTeam "SK ASK Koprivnice"]
[BlackTeam "SK Senov"]
[EventDate "2023.10.22"]

1. Nf3 Nf6 2. g3 e6 3. Bg2 c5 4. c4 Nc6 5. O-O d5 6. cxd5 exd5 7. d4
Be7 8. Nc3 O-O 9. Bf4 a6 10. Rc1 Re8 11. dxc5 Bxc5 12. Bg5 Be7 13. Nd4 Nxd4 14.
Qxd4 Be6 15. Na4 h6 16. Bf4 Bd6 17. Bxd6 Qxd6 18. e4 Qd8 19. e5 Nd7 20. f4 b5
21. Nc5 g6 22. Nxe6 fxe6 23. Rc6 Rc8 24. Rd6 Re7 25. Bxd5 exd5 26. Qxd5+ Kg7
27. Rd1 Nb6 28. Qe4 1-0

[Event "KP MKSS 23/24, Senov-Koprivnice"]
[Site ""]
[Date "2024.04.14"]
[Round "11.5"]
[White "Cvik, Stepan"]
[Black "Socha, Jaromir"]
[Result "1-0"]
[WhiteFideId "375284"]
[BlackFideId "324604"]
[WhiteElo "1944"]
[BlackElo "1915"]
[PlyCount "0"]
[WhiteTeam "SK Senov"]
[BlackTeam "SK ASK Koprivnice"]
[EventDate "2023.10.22"]

1. d4 Nf6 2. Bg5 d5 3. Bxf6 exf6 4. e3 Bf5 5. Nf3 Bd6 6. c4 dxc4 7.
Bxc4 O-O 8. Nc3 Nd7 9. Nh4 Bg6 10. Nxg6 hxg6 11. Qg4 Nb6 12. Bb3 Bb4 13. Qxg6
Na4 14. Qc2 Nxc3 15. bxc3 Ba5 16. O-O c6 17. Rac1 Qe7 18. Rfd1 Rad8 19. Re1
Rfe8 20. Qf5 Bc7 21. e4 Qd6 22. e5 Qe7 23. e6 Kf8 24. Qh3 fxe6 25. Rxe6 Qa3 26.
Qh8+ Kf7 27. Rxe8+ 1-0

[Event "KP MKSS 23/24, Senov-Koprivnice"]
[Site ""]
[Date "2024.04.14"]
[Round "11.6"]
[White "Briza, Jiri"]
[Black "Kozelsky, Marek"]
[Result "0-1"]
[WhiteFideId "324787"]
[BlackFideId "382833"]
[WhiteElo "1909"]
[BlackElo "1954"]
[PlyCount "0"]
[WhiteTeam "SK ASK Koprivnice"]
[BlackTeam "SK Senov"]
[EventDate "2023.10.22"]

1. Nf3 Nf6 2. g3 e6 3. Bg2 d5 4. d3 c5 5. O-O Nc6 6. Bg5 h6 7. Bf4 Bd6
8. Bxd6 Qxd6 9. Nc3 O-O 10. Nb5 Qb8 11. a4 a6 12. Nc3 Rd8 13. d4 cxd4 14. Nxd4
e5 15. Nb3 Be6 16. a5 Qc7 17. Qd2 d4 18. Na4 Bxb3 19. cxb3 Nxa5 20. Rfc1 Nc6
21. Nc5 Rd6 22. b4 Rc8 23. Bxc6 Rxc6 24. Nd3 Ne4 25. Qd1 f6 26. Qb3+ Qf7 27.
Qd1 Rxc1 28. Rxc1 Rxc1 29. Qxc1 Nd6 30. Qc5 Qe6 31. Qb6 Kh7 32. f3 Qd5 33. Qc5
Qe6 34. Qc2 Qc8 35. Nc5+ Kh8 36. Qd3 a5 37. Qb3 b6 38. Nd3 Qc4 39. Qa3 axb4 40.
Qxb4 Qxb4 41. Nxb4 Nc4 42. Nd5 Nxb2 43. Nxb6 Kg8 44. Kf1 Nd1 45. Nd5 Kf7 46.
Ke1 Nb2 47. Nb6 Ke6 48. Kd2 Kd6 49. Kc2 Kc6 50. Nc8 Nc4 51. Ne7+ Kc5 52. Nf5
Ne3+ 53. Nxe3 dxe3 54. Kd3 f5 55. Kxe3 Kc4 56. Kd2 Kd4 57. e3+ Kc4 58. h4 h5
59. Kc2 e4 0-1

[Event "KP MKSS 23/24, Senov-Koprivnice"]
[Site ""]
[Date "2024.04.14"]
[Round "11.7"]
[White "Pohludka, Ondrej"]
[Black "Rosinsky, Pavel"]
[Result "0-1"]
[WhiteFideId "337927"]
[BlackFideId "324566"]
[WhiteElo "1916"]
[BlackElo "2018"]
[PlyCount "0"]
[WhiteTeam "SK Senov"]
[BlackTeam "SK ASK Koprivnice"]
[EventDate "2023.10.22"]

1. c4 e6 2. d4 d5 3. e3 Nf6 4. Nc3 b6 5. Nf3 Bb7 6. a3 Nbd7 7. b3 Be7
8. Be2 O-O 9. O-O Ne4 10. Nxe4 dxe4 11. Nd2 f5 12. f4 c5 13. Bb2 Bf6 14. Qc2
Qe7 15. Rfd1 Rad8 16. Nf1 g5 17. g3 gxf4 18. gxf4 cxd4 19. Bxd4 e5 20. fxe5
Bxe5 21. Bxe5 Nxe5 22. Ng3 Qg5 23. Qc3 Nd3 24. Bxd3 Qxe3+ 25. Kf1 exd3 26. Qe1
f4 0-1

[Event "KP MKSS 23/24, Senov-Koprivnice"]
[Site ""]
[Date "2024.04.14"]
[Round "11.8"]
[White "Kolecek, Jiri"]
[Black "Siwek, Antonin"]
[Result "0-1"]
[WhiteFideId "395862"]
[BlackFideId "345725"]
[WhiteElo "1833"]
[BlackElo "1866"]
[PlyCount "0"]
[WhiteTeam "SK ASK Koprivnice"]
[BlackTeam "SK Senov"]
[EventDate "2023.10.22"]

1. Nf3 Nf6 2. d4 e6 3. c4 b6 4. Nc3 Bb7 5. Nd2 d5 6. e3 Be7 7. Be2 O-O
8. Bf3 Nbd7 9. O-O c6 10. Re1 e5 11. cxd5 cxd5 12. dxe5 Nxe5 13. Nb5 Qd7 14.
Nd4 Nd3 15. Rf1 Ne4 16. Bg4 Qd8 17. f4 Ndc5 18. Be2 Bf6 19. N2f3 Ne6 20. Bd3
Qe7 21. Bd2 Rfc8 22. Qe2 N6c5 23. Bb4 a5 24. Ba3 Qd8 25. Bb5 Nd6 26. Rfc1 Nxb5
27. Bxc5 bxc5 28. Nxb5 Ba6 29. a4 Qe8 30. Ra2 Rab8 31. Qd2 Bxb5 32. axb5 Rxb5
33. Kf2 Qe4 34. Rd1 Rcb8 35. Kg3 Bxb2 36. Rxa5 h6 37. Rxb5 Rxb5 38. Qxd5 Qxd5
39. Rxd5 Ba3 40. Nd4 Rb2 41. Rd8+ Kh7 42. Ra8 Bb4 43. Nc6 Bd2 44. Ra3 c4 45.
Kf3 Rb3 46. Ra2 Rxe3+ 47. Kf2 c3 48. Nd4 Re4 49. Ne2 Rb4 50. Rc2 Rb2 51. Nd4
Rxc2 52. Nxc2 Bxf4 53. g3 Be5 54. Kf3 f5 55. h3 g5 56. g4 Kg6 57. Ne3 f4 58.
Nc2 Kf6 59. Ke4 Ke6 60. Kd3 Kd5 61. Ne1 Bg7 62. Nc2 f3 63. Ke3 Kc4 64. Kxf3 Kd3
65. Nb4+ Kd2 66. Ke4 c2 67. Nxc2 Kxc2 68. Kf5 Kd3 69. Kg6 Bf8 70. Kf7 Bd6 71.
Kg7 Bg3 72. Kxh6 Bh4 73. Kg6 Ke4 74. Kf6 Kf4 75. Ke6 Kg3 76. Ke5 Kxh3 77. Ke4
Kxg4 78. Ke3 Bg3 0-1

[Event "KP MKSS 23/24, Poruba E-Interchess"]
[Site ""]
[Date "2024.04.14"]
[Round "11.2"]
[White "Fizer, Marek"]
[Black "Trapl, Dalibor"]
[Result "0-1"]
[WhiteFideId "391980"]
[BlackFideId "330744"]
[WhiteElo "2058"]
[BlackElo "2115"]
[PlyCount "0"]
[WhiteTeam "Interchess"]
[BlackTeam "SK Slavoj Poruba E"]
[EventDate "2023.10.22"]

1. e4 c5 2. Nf3 d6 3. d4 cxd4 4. Nxd4 Nf6 5. Nc3 a6 6. Be2 e5 7. Nb3 Be6 8. Be3
Be7 9. Nd5 Nbd7 10. Qd3 Rc8 11. Rc1 b5 12. c4 O-O 13. O-O Bxd5 14. exd5 b4 15.
Rfd1 Ne8 16. Bg4 a5 17. Bxd7 Qxd7 18. Nxa5 f5 19. Nc6 f4 20. Bd2 f3 21. g3 e4
22. Qxe4 Rxc6 23. Kh1 Ra6 24. Re1 Qh3 25. Qe6+ Qxe6 26. Rxe6 Bf6 27. Bxb4 Rxa2
28. Bxd6 Nxd6 29. Rxd6 Rb8 30. Re6 Rbxb2 0-1

[Event "KP MKSS 23/24, Poruba E-Interchess"]
[Site ""]
[Date "2024.04.14"]
[Round "11.3"]
[White "Zinglar, David"]
[Black "Miculkova, Dvorakova Magdalena"]
[Result "1-0"]
[WhiteFideId "315915"]
[BlackFideId "317420"]
[WhiteElo "1930"]
[BlackElo "1995"]
[PlyCount "0"]
[WhiteTeam "SK Slavoj Poruba E"]
[BlackTeam "Interchess"]
[EventDate "2023.10.22"]

1. e4 c6 2. d4 d5 3. f3 e6 4. Nc3 Bb4 5. Bd2 Nf6 6. e5 Nfd7 7. f4 c5 8. a3 Bxc3
9. Bxc3 cxd4 10. Bxd4 Nc6 11. Bf2 Qe7 12. Nf3 Nc5 13. Bd3 b6 14. O-O Bb7 15.
Nd4 Nxd4 16. Bxd4 Ne4 17. Bb5+ Kf8 18. f5 exf5 19. Rxf5 Qe6 20. Rf4 Rc8 21. c3
Rc7 22. Qe2 g5 23. Rff1 Rg8 24. Bd3 Rg6 25. Rf3 g4 26. Rf4 h5 27. Raf1 Kg7 28.
Qe1 Rh6 29. Qh4 Qg6 30. e6+ 1-0

[Event "KP MKSS 23/24, Poruba E-Interchess"]
[Site ""]
[Date "2024.04.14"]
[Round "11.4"]
[White "Gresova, Zuzana"]
[Black "Cempel, Jaroslav"]
[Result "1/2-1/2"]
[WhiteFideId "371661"]
[BlackFideId "300730"]
[WhiteElo "1978"]
[BlackElo "1987"]
[PlyCount "0"]
[WhiteTeam "Interchess"]
[BlackTeam "SK Slavoj Poruba E"]
[EventDate "2023.10.22"]

1. d4 f5 2. c4 Nf6 3. Nc3 e6 4. e3 d5 5. Nf3 c6 6. Qc2 Bd6 7. Bd3 Ne4 8. a3 a5
9. Rb1 Qe7 10. c5 Bc7 11. b4 axb4 12. axb4 O-O 13. O-O Nd7 14. b5 e5 15. bxc6
bxc6 16. Ne2 g6 17. dxe5 Nexc5 18. Ned4 Nxe5 19. Nxe5 Qxe5 20. f4 Qd6 21. Rf3
Nxd3 22. Qxd3 Bd7 23. Bb2 Rfb8 24. Nb3 Qb4 25. Bc3 Qe4 26. Qd1 Ra3 27. Nd2 Rxb1
28. Nxb1 Ra8 29. Nd2 Qa4 30. Qe1 Ba5 31. Bd4 Qc2 32. Qh4 Bc3 33. Bxc3 Qxc3 34.
Nf1 Qg7 35. Rf2 c5 36. Rc2 c4 37. Qe1 Qa1 38. Qd2 Be6 39. Kf2 Qf6 40. Ng3 Ra3
41. Ne2 Rd3 42. Qc1 Bf7 43. g3 Qa6 44. Rc3 Be8 45. Qb2 Qb5 46. Qxb5 Bxb5 47.
Ke1 Rxc3 48. Nxc3 Bc6 49. Kd2 Kf7 50. Ne2 Ke7 51. Kc3 Kd6 52. Kd4 Be8 53. Ng1
Ba4 54. Nf3 Bc2 55. Ng5 h5 56. Nf7+ Ke6 57. Ne5 Be4 1/2-1/2

[Event "KP MKSS 23/24, Poruba E-Interchess"]
[Site ""]
[Date "2024.04.14"]
[Round "11.5"]
[White "Dostal, Radim"]
[Black "Berezjuk, Rostislav"]
[Result "1-0"]
[WhiteFideId "312240"]
[BlackFideId "378496"]
[WhiteElo "1971"]
[BlackElo "1966"]
[PlyCount "0"]
[WhiteTeam "SK Slavoj Poruba E"]
[BlackTeam "Interchess"]
[EventDate "2023.10.22"]

1. e4 e5 2. Nf3 Nf6 3. Nxe5 d6 4. Nf3 Nxe4 5. Nc3 Nxc3 6. dxc3 Be7 7. Be3 Nc6
8. Qd2 Be6 9. O-O-O Qd7 10. Kb1 O-O-O 11. Bb5 a6 12. Ba4 b5 13. Bb3 Bxb3 14.
axb3 Ne5 15. Qd5 Qf5 16. Nd4 Qg6 17. Qa8+ Kd7 18. Qxa6 Rb8 19. Nxb5 Qxg2 20.
Qa5 Qb7 21. Nxd6 cxd6 22. Qxe5 Ra8 23. Bc5 Qa6 24. Ba3 Rhc8 25. Rhe1 Bf8 26.
Qf5+ Kc6 27. Qd5+ Kb6 28. Rd4 Qa5 29. Rb4+ Kc7 30. Rb7+ Kd8 31. Qxf7 Rc7 32.
Re8# 1-0

[Event "KP MKSS 23/24, Poruba E-Interchess"]
[Site ""]
[Date "2024.04.14"]
[Round "11.6"]
[White "Zemkova, Klara"]
[Black "Dobes, Ludek"]
[Result "1/2-1/2"]
[WhiteFideId "344117"]
[BlackFideId "305090"]
[WhiteElo "1923"]
[BlackElo "1964"]
[PlyCount "0"]
[WhiteTeam "Interchess"]
[BlackTeam "SK Slavoj Poruba E"]
[EventDate "2023.10.22"]

1. d4 Nf6 2. Nf3 g6 3. Bg5 Bg7 4. Nbd2 d5 5. e3 O-O 6. Bd3 c5 7. c3 cxd4 8.
cxd4 Nc6 9. O-O h6 10. Bh4 g5 11. Bg3 Nh5 12. Ne5 Nxg3 13. Nxc6 bxc6 14. hxg3
c5 15. Nf3 c4 16. Bc2 Bg4 17. Qd2 Bxf3 18. gxf3 Qd6 19. Rac1 Rfc8 20. Bb1 Rab8
21. b3 1/2-1/2

[Event "KP MKSS 23/24, Poruba E-Interchess"]
[Site ""]
[Date "2024.04.14"]
[Round "11.7"]
[White "Kondula, Dominik"]
[Black "Juracak, David"]
[Result "0-1"]
[WhiteFideId "361399"]
[BlackFideId "23708972"]
[WhiteElo "1859"]
[BlackElo "1944"]
[PlyCount "0"]
[WhiteTeam "SK Slavoj Poruba E"]
[BlackTeam "Interchess"]
[EventDate "2023.10.22"]

1. e4 e5 2. d4 exd4 3. Qxd4 Nc6 4. Qe3 Nf6 5. Nc3 Bb4 6. Bd2 O-O 7. O-O-O d6 8.
f3 Be6 9. g4 a5 10. g5 Nd7 11. f4 Nb6 12. f5 Bc4 13. Nf3 Re8 14. Qf4 Bxf1 15.
Rhxf1 Nc4 16. f6 Nxd2 17. Rxd2 g6 18. Rd3 Bxc3 19. Rxc3 Ne5 20. Nd4 c5 21. Qh4
h5 22. gxh6 Kh7 23. Ne2 Qd7 24. Rg3 Qb5 25. Re1 a4 26. Ng1 Nc4 27. b3 Qb4 28.
Nf3 Ne5 29. Ng5+ Kh8 30. Reg1 axb3 31. Rxb3 Qd4 32. Qg3 Rxa2 33. Nxf7+ Nxf7 34.
Qxg6 Ra1+ 35. Rb1 Qe3+ 0-1

[Event "KP MKSS 23/24, Poruba E-Interchess"]
[Site ""]
[Date "2024.04.14"]
[Round "11.8"]
[White "Fizerova, Lucie"]
[Black "Svoboda, Petr"]
[Result "1-0"]
[WhiteFideId "385115"]
[BlackFideId "311189"]
[WhiteElo "1886"]
[BlackElo "1995"]
[PlyCount "0"]
[WhiteTeam "Interchess"]
[BlackTeam "SK Slavoj Poruba E"]
[EventDate "2023.10.22"]

1. c4 Nf6 2. Nc3 g6 3. g3 Bg7 4. Bg2 O-O 5. e4 e5 6. Nge2 d6 7. d3 Nc6 8. O-O
Nh5 9. h3 Be6 10. Rb1 a5 11. a3 Qd7 12. Kh2 f5 13. exf5 gxf5 14. Nd5 Nf6 15.
Nec3 Rab8 16. Be3 Nd4 17. Re1 c5 18. b4 Bxd5 19. Nxd5 axb4 20. axb4 Nxd5 21.
Bxd5+ Kh8 22. Bxd4 cxd4 23. Qd2 Rf6 24. Ra1 f4 25. g4 f3 26. Ra7 Bh6 27. Qd1
Bf4+ 28. Kh1 Bg5 29. Bxf3 Qg7 30. Rf1 Qh6 31. Bg2 Qh4 32. Qe2 Rbf8 33. Kg1 Rxf2
34. Rxf2 Be3 35. Qxe3 dxe3 36. Rxf8+ Kg7 37. Rb8 Qf2+ 38. Kh2 Qf4+ 39. Kg1 Qf2+
40. Kh2 Qf4+ 41. Kh1 e2 42. Rbxb7+ Kh6 43. Rxh7+ Kg6 44. Rag7+ Kf6 45. Rf7+ Kg6
46. Rxf4 e1=Q+ 47. Rf1 Qxb4 48. Be4+ 1-0